Tributes of the 75th Hunger Games Quiz Stats

Quiz Updated Oct 10, 2012

Challenge
Share
Tweet
Embed
Score 0/16 Timer 05:00
0 Plays Today
District Tribute % Correct
District 12Katniss
98.2%
District 12Peeta
97.2%
District 4Finnick
85.6%
District 4Mags
78.2%
District 7Johanna
77.4%
District 3Beetee
75.5%
District 3Wiress
71.6%
District 2Brutus
57.4%
District Tribute % Correct
District 2Enobaria
56.3%
District 1Gloss
54.9%
District 1Cashmere
53.3%
District 11Chaff
46.7%
District 11Seeder
41.5%
District 8Woof
32.2%
District 7Blight
31.7%
District 8Cecelia
29.6%

You're not logged in!

Compare scores with friends on all Sporcle quizzes.
Join for Free
OR
Log In

You Might Also Like...

Show Comments

Extras

Top Quizzes Today


Score Distribution

Your Account Isn't Verified!

In order to create a playlist on Sporcle, you need to verify the email address you used during registration. Go to your Sporcle Settings to finish the process.

Report this User

Report this user for behavior that violates our Community Guidelines.

Details: